<?xml version="1.0" encoding="UTF-8"?><?xml-stylesheet type="text/xsl" href="static/style.xsl"?><OAI-PMH xmlns="http://www.openarchives.org/OAI/2.0/" xmlns:xsi="http://www.w3.org/2001/XMLSchema-instance" xsi:schemaLocation="http://www.openarchives.org/OAI/2.0/ http://www.openarchives.org/OAI/2.0/OAI-PMH.xsd"><responseDate>2026-04-17T20:34:35Z</responseDate><request verb="GetRecord" identifier="oai:www.recercat.cat:10230/27317" metadataPrefix="marc">https://recercat.cat/oai/request</request><GetRecord><record><header><identifier>oai:recercat.cat:10230/27317</identifier><datestamp>2025-12-20T20:24:01Z</datestamp><setSpec>com_2072_6</setSpec><setSpec>col_2072_452954</setSpec></header><metadata><record xmlns="http://www.loc.gov/MARC21/slim" xmlns:dcterms="http://purl.org/dc/terms/" xmlns:xsi="http://www.w3.org/2001/XMLSchema-instance" xmlns:doc="http://www.lyncode.com/xoai" xsi:schemaLocation="http://www.loc.gov/MARC21/slim http://www.loc.gov/standards/marcxml/schema/MARC21slim.xsd">
   <leader>00925njm 22002777a 4500</leader>
   <datafield ind2=" " ind1=" " tag="042">
      <subfield code="a">dc</subfield>
   </datafield>
   <datafield ind2=" " ind1=" " tag="720">
      <subfield code="a">Fernández Vázquez, Pablo</subfield>
      <subfield code="e">author</subfield>
   </datafield>
   <datafield ind2=" " ind1=" " tag="720">
      <subfield code="a">Pla Llagostera, Joan Ramon</subfield>
      <subfield code="e">author</subfield>
   </datafield>
   <datafield ind2=" " ind1=" " tag="720">
      <subfield code="a">Roque García, Eduardo</subfield>
      <subfield code="e">author</subfield>
   </datafield>
   <datafield ind2=" " ind1=" " tag="720">
      <subfield code="a">Sánchez Ferrer, Pau</subfield>
      <subfield code="e">author</subfield>
   </datafield>
   <datafield ind2=" " ind1=" " tag="720">
      <subfield code="a">Zhu Dai, Óscar</subfield>
      <subfield code="e">author</subfield>
   </datafield>
   <datafield ind2=" " ind1=" " tag="260">
      <subfield code="c">2016-09-27T12:06:21Z</subfield>
   </datafield>
   <datafield ind2=" " ind1=" " tag="260">
      <subfield code="c">2016-09-27T12:06:21Z</subfield>
   </datafield>
   <datafield ind2=" " ind1=" " tag="260">
      <subfield code="c">2016-09-27</subfield>
   </datafield>
   <datafield ind2=" " ind1=" " tag="520">
      <subfield code="a">Unitat didàctica per a secundària (1r de batxillerat). El·laborada dins el Màster de Formació del Professorat d&amp;apos;Educació Secundària</subfield>
   </datafield>
   <datafield ind2=" " ind1=" " tag="520">
      <subfield code="a">Tutors: Marcel Costa Vila, Miquel Nistal Fernández</subfield>
   </datafield>
   <datafield ind2=" " ind1=" " tag="520">
      <subfield code="a">Mentora: Margarita Montobbio Martorell  del  Sagrat Cor de Jesús de Barcelona</subfield>
   </datafield>
   <datafield ind2=" " ind1=" " tag="520">
      <subfield code="a">Amb aquesta unitat didàctica, dissenyada per a 1r de Batxillerat,  hem pretès aprofundir en el coneixement del sistema endocrí humà, permetent als alumnes la comprensió dels principals elements existents així com dels diferents mecanismes d’acció i regulació implicats. Mitjançant la presentació de casos pràctics, amb persones que pateixen problemes hormonals, els alumnes han hagut d’entendre i resoldre –amb el seguiment i l’ajuda dels professors responsables- les incògnites plantejades. D’aquesta manera hem incidit en els coneixements que ens interessava difondre, com: tipus i naturaleses de les principals hormones, llurs síntesis a l’organisme,  mecanismes de transport i actuació sobre òrgans diana, accions provocades i processos que, en definitiva, regulen la correcta funció de tot l’entramat endocrí./nAquest aprenentatge basat en problemes ha afavorit, a més, tant el protagonisme i la responsabilitat individuals, com el treball cooperatiu en la construcció de nou i essencial coneixement.</subfield>
   </datafield>
   <datafield tag="653" ind2=" " ind1=" ">
      <subfield code="a">Endocrinologia</subfield>
   </datafield>
   <datafield tag="653" ind2=" " ind1=" ">
      <subfield code="a">Hormones</subfield>
   </datafield>
   <datafield ind2="0" ind1="0" tag="245">
      <subfield code="a">Les hormones: unitat didàctica sobre el sistema endocrí</subfield>
   </datafield>
</record></metadata></record></GetRecord></OAI-PMH>